000 00472nam a2200193Ia 4500
005 20240823045745.0
008 240823s9999||||xx |||||||||||||| ||und||
020 _a81-8094-010-1
041 _aENGLISH
082 _A574.191 P8
100 _aSubramanian A
245 0 _aBiophysics : Principles and techniques
250 _aI st
260 _c2008
_b"MJP Publishers,Ch"
_aChennai
500 _aYES
650 _aBiophysics
_bPhysics
942 _cBK
999 _c215693
_d215693